000 00651cam a22002055a 4500
001 L155969
008 120424s1869 xxk f 000 0 eng d
035 _a(Sirsi) u155969
041 0 _aeng
110 2 _aUnited Kingdom
_kLaws, etc.
_95044
245 0 4 _aThe Valuation (Metropolis) Act, 1869 : with introduction, notes and index
260 _aLondon
_bKnight & Co.
_c1869
300 _a124 p.
_c19 cm.
583 _aCondition reviewed
_c20120620
_lcondition level 1
650 2 4 _aVALUATION (METROPOLIS) ACT 1869
651 4 _aGreat Britain
_y1707-
690 _aValuation
_96273
700 1 _aFry, Danby P.
_q(Danby Palmer)
_d1818-1903
942 _n0
999 _c113952
_d113952